000 01079cas a2200385 4500
001 34328
005 20230410143407.0
008 751209c19699999dr ar h 0 b0spa
010 _a 75646070
035 _a(OCoLC)ocm02242844
040 _aDLC
_cDLC
_dNST
_dDLC
_dOCLCQ
012 _a4
_b3
_d7
_e-
_f-
_gp
_h-
_i----
035 _a(OCoLC)2242844
042 _alc
043 _anwdr---
050 1 4 _aF1938.4.D8
_bB688I
050 1 4 _aF1938.4.D8
_bI57a
082 4 _a972.9304
049 _aGRAL
110 2 _aInstituto Duartiano.
245 1 0 _aBoletín del Instituto Duartiano.
260 _aSanto Domingo
_b[Instituto Duartiano]
300 _bill.
_c21-24 cm.
310 _aAnnual,
_b1971-<74>
321 _aThree no. a year,
_b1969-70
362 0 _aaño 1- (no. 1- ); 1969-74
600 1 0 _aDuarte, Juan Pablo,
_d1813-1876
_vPeriodicals.
651 0 _aDominican Republic
_xHistory
_y1844-1930
_vPeriodicals.
610 2 0 _aInstituto Duartiano.
936 _a1969-74
942 _2lcc
_cbk
946 _aclperez
994 _aC0
_bDRFGD
999 _c100882
_d100882